Distribución del ingreso, estructura productiva y alternativas de desarrollo: 1968-1975 /
Guardado en:
| Hovedforfatter: | |
|---|---|
| Autores Corporativos: | , |
| Andre forfattere: | |
| Format: | Texto |
| Udgivet: |
Cuenca:
Atlántida
|
| Tags: |
Tilføj Tag
Ingen Tags, Vær først til at tagge denne postø!
|
MARC
| LEADER | 00000 a a2200000 04500 | ||
|---|---|---|---|
| 001 | 24404 | ||
| 003 | |||
| 040 | |||
| 090 | |a 175000 | ||
| 100 | |a Moncada, José María | ||
| 110 | |a IDIS | ||
| 245 | |a Distribución del ingreso, estructura productiva y alternativas de desarrollo: 1968-1975 / |c IDIS | ||
| 260 | |a Cuenca: |b Atlántida | ||
| 300 | |a pp. 253-308 | ||
| 700 | |a Villalobos, Fabio | ||
| 710 | |a Instituto de Investigaciones Sociales | ||
| 999 | |c 6518 |d 6518 | ||
